En defensa de las Cortes (Record no. 64252)

MARC details
000 -LEADER
campo de control de longitud fija 00995nam a2200277 i 4500
001 - NÚMERO DE CONTROL
campo de control 64252
003 - IDENTIFICADOR DE NÚMERO DE CONTROL
campo de control ES-MaACL
005 - FECHA Y HORA DE LA ÚLTIMA TRANSACCIÓN
campo de control 20250831031616.0
007 - CAMPO FIJO DE DESCRIPCIÓN FÍSICA--INFORMACIÓN GENERAL
campo de control de longitud fija t|
008 - DATOS DE LONGITUD FIJA--INFORMACIÓN GENERAL
campo de control de longitud fija 031223s1967 sp |||| | spa d
080 ## - NÚMERO DE LA CLASIFICACIÓN DECIMAL UNIVERSAL
Número de la Clasificación Decimal Universal 342.52(460)
080 ## - NÚMERO DE LA CLASIFICACIÓN DECIMAL UNIVERSAL
Número de la Clasificación Decimal Universal 342.732(460)
080 ## - NÚMERO DE LA CLASIFICACIÓN DECIMAL UNIVERSAL
Número de la Clasificación Decimal Universal 342.728(460)
100 1# - ENTRADA PRINCIPAL--NOMBRE DE PERSONA
Nombre de persona Flórez Estrada, Álvaro.
9 (RLIN) 151173
245 10 - MENCIÓN DEL TÍTULO
Título En defensa de las Cortes
Resto del título : con dos apéndices, uno sobre la libertad de imprenta y otro en defensa de los derechos de reunión /
Mención de responsabilidad, etc. Álvaro Flórez Estrada ; edición e introducción de Jesús Munarriz Peralta.
260 ## - PUBLICACIÓN, DISTRIBUCIÓN, ETC.
Lugar de publicación, distribución, etc. [Madrid :
Nombre del editor, distribuidor, etc. Ciencia Nueva,
Fecha de publicación, distribución, etc. 1967]
300 ## - DESCRIPCIÓN FÍSICA
Extensión 168 p. ;
Dimensiones 18 cm.
490 1# - MENCIÓN DE SERIE
Mención de serie Los clásicos ;
Designación de volumen o secuencia 1
650 #4 - PUNTO DE ACCESO ADICIONAL DE MATERIA--TÉRMINO DE MATERIA
Término de materia o nombre geográfico como elemento de entrada Libertad de prensa-
Subdivisión geográfica España.
9 (RLIN) 14414
650 04 - PUNTO DE ACCESO ADICIONAL DE MATERIA--TÉRMINO DE MATERIA
Término de materia o nombre geográfico como elemento de entrada Libertad de asociación-
Subdivisión geográfica España.
9 (RLIN) 14402
650 #7 - PUNTO DE ACCESO ADICIONAL DE MATERIA--TÉRMINO DE MATERIA
Término de materia o nombre geográfico como elemento de entrada Poder legislativo-
Subdivisión geográfica España
Fuente del encabezamiento o término
9 (RLIN) 145756
700 1# - ENTRADA AGREGADA--NOMBRE PERSONAL
Nombre de persona Munárriz, Jesús.
9 (RLIN) 84170
830 1# - PUNTO DE ACCESO ADICIONAL DE SERIE-TÍTULO UNIFORME
Título uniforme Los clásicos ;
Designación de volumen o secuencia 1
9 (RLIN) 184368
852 ## - LOCALIZACIÓN
Ubicación ES-MaACL
Número de control de estantería C-32861
Holdings
Estatus retirado Estado de pérdida Estado de daño No para préstamo Biblioteca de origen Biblioteca actual Ubicación en estantería Fecha de adquisición Fuente de adquisición Total de préstamos Signatura topográfica completa Código de barras Visto por última vez Precio de reemplazo Tipo de ítem Koha
        Biblioteca del Ateneo de Madrid Biblioteca del Ateneo de Madrid Depósito 2 17/01/2008     C-32861 1067332 23/02/2023 23/02/2023 Libro impreso